Estudio para la modificación de un radio multiplex Oki de 24 canales para aumentar su capacidad a 36 canales
Enregistré dans:
| Auteur principal: | |
|---|---|
| Format: | Inconnue |
| Publié: |
[San José, Costa Rica]
1978
|
| Tags: |
Ajouter un tag
Pas de tags, Soyez le premier à ajouter un tag!
|
MARC
| LEADER | 00000 a2200000 4500 | ||
|---|---|---|---|
| 003 | 000973 | ||
| 005 | 20221231143736.0 | ||
| 008 | 140114s1978 c a m 000 ||s d | ||
| 040 | |c cru CEDI | ||
| 090 | |a TFG 832 | ||
| 100 | |a Barrios Arce, Leonel |9 16197 | ||
| 245 | |a Estudio para la modificación de un radio multiplex Oki de 24 canales para aumentar su capacidad a 36 canales | ||
| 260 | |c 1978 |a [San José, Costa Rica] | ||
| 300 | |a 50[17] hojas ;ilustraciones | ||
| 500 | |a A la Cabeza de la portada. Universidad de Costa Rica. Facultad de Ingeniería. Escuela de Ingeniería Eléctrica. Proyecto eléctrico I | ||
| 942 | |c TFG | ||
| 999 | |c 11121 |d 11121 | ||
